000 00439nam a2200181Ia 4500
001 3969
005 20260306145722.0
008 260306t1991||||xx |||||||||||||| ||spa||
041 _aESP
082 _a306
_bP636
100 _aPeoples, James
_eAUT
245 0 _aHumanity:
_ban introduction to cultural anthropology
260 _c1991
300 _a474 páginas :
_c25 cm.
650 _aGEN
654 _aCHU
942 _cLIB
_dJUS
_fJUS
_2ddc
_n
999 _c3969
_d3969